000 00475nam a2200169 a 4500
001 000026935
005 20200930030511.0
008 110328s1991 dr a 000 0 spa d
040 _aDO-SdBNP
_bspa
_cBNPHU
082 _axxxx
_bA385j
100 1 _aAlfau, Reyna
_923666
245 1 0 _aJuan Pablo Duarte :
_bpadre de la patria dominicana /
_cReyna Alfau.
250 _a2a ed.
260 _aSanto Domingo :
_bCENAPEC,
_c1991.
300 _a79 p. :
_bil. ;
_c21 cm.
049 _aBNPD
999 _c26427
_d26427